U.S. Cities with the most French Speakers - Statistics

General Stats
  • This quiz has been taken 61 times
  • The average score is 14 of 20
Answer Stats
Number Urban Area % Correct
135,540 New York City
98%
46,710 Los Angeles
96%
28,590 Chicago
89%
44,845 Boston
87%
26,835 San Francisco
87%
12,905 Detroit
83%
26,115 Philadelphia
81%
15,990 Seattle
81%
49,785 Miami
79%
58,045 Washington D.C.
79%
21,095 Houston
77%
28,515 Atlanta
74%
15,035 Baltimore
74%
18,180 Dallas
74%
13,870 Portland
68%
11,945 Minneapolis
62%
12,955 Tampa
62%
14,940 Providence
40%
12,450 Hartford
36%
37,745 Lafayette
11%
No matching quizzes found
Score Distribution
Percent of People with Each Score
Percentile by Number Answered
Your Score History
You have not taken this quiz